000 00626nam a2200253Ia 4500
003 OSt
005 20220918165837.0
006 a|||||r|||| 00| 0
007 ta
008 220917b |||||||| |||| 00| 0 eng d
020 _a8175300523
024 _a221,952
037 _cTextual
040 _aARTS
_cARTS
_beng
041 _2eng
_aeng
082 _aO111,3x, P4
100 _aGhosh Amitav
245 0 _aHungry tide
260 _aDelhi
_bRavi Dayal pub.
_c2004
300 _a403p
_ccm.
650 _aENGLISH LITERATURE
942 _hO111,3x, P4
_cTEXL
_2CC
999 _c131370
_d131370